Thames Valley - two sides to the story (Record no. 80634)
[ view plain ]
| 000 -LEADER | |
|---|---|
| fixed length control field | 01083cab a22001815a 4500 |
| 001 - CONTROL NUMBER | |
| control field | L144907 |
| 008 - FIXED-LENGTH DATA ELEMENTS--GENERAL INFORMATION | |
| fixed length control field | 080819s2008 xxkd f s 000 0 eng d |
| 035 ## - SYSTEM CONTROL NUMBER | |
| System control number | (Sirsi) u144907 |
| 041 0# - LANGUAGE CODE | |
| Language code of text/sound track or separate title | eng |
| 100 1# - MAIN ENTRY--PERSONAL NAME | |
| Personal name | Heath, Vicky |
| 245 00 - TITLE STATEMENT | |
| Title | Thames Valley - two sides to the story |
| 260 ## - PUBLICATION, DISTRIBUTION, ETC. | |
| Date of publication, distribution, etc. | 2008 |
| 490 ## - SERIES STATEMENT | |
| Series statement | Property Forecast |
| Volume/sequential designation | 11(6) June 2008, 7-15(2) |
| 520 ## - SUMMARY, ETC. | |
| Summary, etc. | Article looks at the commercial property market in the Thames Valley and predicts a protracted period of market instability, despite continuing occupational activity. The author states that the current downturn differs from the previous one in that there is no oversupply glut affecting the development cycle. Illustrates that the Thames Valley market is dominated by the telecoms, media and telecommunications sector, despite a broad overall occupier base. Suggests that property indexes may be providing an overly gloomy picture of rental values and that prime rents remain relatively unaffected. |
| 651 #4 - SUBJECT ADDED ENTRY--GEOGRAPHIC NAME | |
| Geographic name | United Kingdom |
| Chronological subdivision | |
| 690 ## - LOCAL SUBJECT ADDED ENTRY--TOPICAL TERM (OCLC, RLIN) | |
| Topical term or geographic name as entry element | PROPERTY-COMMERCIAL PROPERTY-COMMERCIAL PROPERTY MARKET |
| 942 ## - ADDED ENTRY ELEMENTS (KOHA) | |
| Suppress in OPAC | 0 |
| Withdrawn status | Lost status | Source of classification or shelving scheme | Damaged status | Not for loan | Home library | Current library | Shelving location | Date acquired | Total Checkouts | Full call number | Barcode | Date last seen | Copy number | Price effective from | Koha item type |
|---|---|---|---|---|---|---|---|---|---|---|---|---|---|---|---|
| Dewey Decimal Classification | London | London | Journal article | 19/08/2008 | L144907 | 144907-1001 | 06/08/2019 | 1 | 06/08/2019 | Journal article |